000 00624nam a22002057a 4500
999 _c157813
_d157813
005 20181003114947.0
010 _aENG-124158
020 _a9789353160524
_c625.00
035 _aEN-107690
037 _bDBAD/PUB.
082 _a671.35
100 _aRao, P N
245 _aManufacturing technology vol.-II:
_cby P N Rao
_bmetal cutting and machine tools /
250 _a4th ed.
260 _bTata McGraw Hill
_c2019
_aNew Delhi
270 _aP-24, Green Park Extnsion
_bNew Delhi
_e110016
300 _avarious paging
_c26cm(pbk)
_bill.
500 _aIt includes index
942 _2ddc
_cEN
_mRAO
_h671.35